| 000 | 01941nam2a2200265 4500 | ||
|---|---|---|---|
| 001 | rc\4368961 | ||
| 005 | 20260611133730.0 | ||
| 035 | _a(NLR Aleph) 008285532 | ||
| 090 |
_a8543538 _c8543538 |
||
| 100 | _a20130416d1964 km|y0rusy50 ba | ||
| 101 | 0 | _arus | |
| 102 | _aRU | ||
| 105 | _aab i 000yy | ||
| 200 | 1 |
_aБассейны рек Кавказа _hВып. 3, 5 _iБассейн Каспийского моря к югу от бассейна р. Терек до государственной границы (бассейн реки Куры ниже устья р. Алазани, включая Мингечаурское водохранилище) _f... Управление гидрометеорологической службы Азербайджанской ССР и Армянской ССР _gпод редакцией П. П. Буртовой, Г. Г. Вардумян |
|
| 210 | _d1964 | ||
| 215 |
_a323, [3] с., [2] л. карт _cтабл. |
||
| 461 | 0 |
_1001rc\4368895 _12001#$aГидрологический ежегодник, 1960 г.$e[результаты наблюдений]$fГлавное управление гидрометеорологической службы при Совете Министров СССР$vТ. 3 _98543158 _cЛенинград [Санкт-Петербург] _d1962–1964 _fГлавное управление гидрометеорологической службы при Совете Министров СССР _nГИМИЗ _o[результаты наблюдений] _tГидрологический ежегодник, 1960 г. _vТ. 3 |
|
| 702 | 1 |
_aБуртова _bП. П. _4340 |
|
| 712 | 0 | 1 |
_4570 _aАзССР _bУправление гидрометеорологической службы _9431789 _3RU\NLR\AUTH\889967726 |
| 801 | 0 |
_aRU _bNLR _gpsbo |
|
| 801 | 1 |
_aRU _bELAR _2rusmarc |
|
| 852 |
_aNLR _j62-10/151 |
||
| 942 | _cBOOK | ||
| 980 | _aNB | ||